000 00854nam a2200205Ii 4500
003 JO-AjNU
008 230605s9999||||xx |||||||||||||| ||und||
040 _aJO-AjNU
_bara
_erda
_cJO-AjNU
041 _aara
050 1 4 _aT57.6.G4834 1987
100 3 _aغنيم ، حسين عطا,
_eauthor
_917816
245 0 0 _a تحليل شبكات الأعمال ونظم إدارة المشروعات : بيرت المسار الحرج، الموائمة بين الوقت والتكلفة، نماذج الجدولة الرئيسية 
250 _aط1
264 3 1 _aالقاهرة:دار الفكر العربي ، 1987
300 _a164ص
336 _atext
_btxt
_2rdacontent
337 _aunmediated
_bn
_2rdamedia
338 _avolume
_bnc
_2rdacarrier
650 4 _aبحوث العمليات-ادارة المشروعات-ادارة الانتاج
_917817
999 _aA5583
_c9151
_d9151